LEADER 01124nam a2200265 a 4500 001 000000126190 003 CaOOAMICUS 005 20110906114005.0 008 110906s2010 it o u000 u ita r 040 $aPUL$bita 082 04$a943.086 245 03$aLa conquista dei Balcani :$bdalla Jugoslavia all'Egeo: un'espansione costata cara. 260 $a[S.l.] :$bHobby & Work,$c©2010. 300 $a87 p. :$bfoto ;$c29 cm 490 1 $aTerzo Reich 651 4$aGermania$xStoria$y1933-1945.$0(OLS)http://pul/subject/1607 651 4$aGermania$xPolitica e governo$ySec. XIX.$0(OLS)http://pul/subject/20661 830 0$aTerzo Reich.$0(OLS)http://pul/title/157770 850 $aPUL 852 $aPUL$W1$xDP2 Filosofia 3$y112$m943. 086 COLL 2.8$j145529$qDDC 21$B144399$CPULBib$Z2$F144399 $H116931 $82 941 1 $a9 996 $6082$a943.086$9(OLS)http://pul/classification/568 996 $6245$aLa conquista dei Balcani :$bdalla Jugoslavia all'Egeo: un'espansione costata cara$9(OLS)http://pul/title/159347 996 $6260$a[S.l.] :$bHobby & Work$9(OLS)http://pul/publisher/81560 LEADER 01211nam a2200289 a 4500 001 000000145425 003 CaOOAMICUS 005 20150903120008.0 008 150903s1998 it u000 u ita r 020 $a88-10-10480-3 040 $aPUL$bita 100 1 $aArdigò, Achille.$0(OLS)http://pul/name/5443 245 10$aDottrina, culture, senso :$ba proposito del "progetto culturale" della CEI /$cAchille Ardigò. 260 $aBologna :$bEDB,$c©1988. 300 $a97 p. ;$c20 cm 490 1 $aFede e storia ;$v29 610 24$aConferenza episcopale italiana.$0(OLS)http://pul/subject/8099 650 4$aChiesa e cultura.$0(OLS)http://pul/subject/38971 830 0$aFede e storia ;$v29.$0(OLS)http://pul/title/57325 850 $aPUL 852 $aPUL$W1$xDP1 Fondo S. Lanza$y121$m3 N 97$j168169$qFondi$B168753$CPULBib$Z2$F168753 $HLan2570 $82 941 1 $a1 961 $aNota ms. di possesso: Sergio Lanza 996 $6020$a88-10-10480-3$9(OLS)http://pul/number/158471 996 $6245$aDottrina, culture, senso :$ba proposito del "progetto culturale" della CEI$9(OLS)http://pul/title/183898 996 $6260$aBologna :$bEDB$9(OLS)http://pul/publisher/56073